02856nam a22002777a 45000010005000000030006000050050017000110080041000280200018000690400029000870500008001160820014001241000022001382450326001602600043004863000050005294900041005795050008006205201234006285200472018625210031023345210021023656500123023866500042025097000027025518616FISKH20251209143833.0251002b cb ||||| |||| 00| 0 eng d a9789996301582 aFISKHbkhrcFISKHdFISKH aPZ7 aJ398.2452 aSotheary, Kimsun  aសត្វខ្លែងនិងអ្នកប្រមាញ់ :bKites and hunters / cរៀបរៀងដោយ អ្នកស្រី គឹមស៊ុន សុធារី ,​ កែសម្រួលដោយ លោក ធី ចាន់ថន និង​ កញ្ញា ហេង ចរិយា​ aPhnom Penh : bReading Books , c2012. a20 pages : bcolor illustrations ; c25 cm .  aពិភពរឿងនិទាន aJ  aរឿងនេះផ្តោតលើការជីវិតរបស់សត្វព្រៃ ហើយមានគោលបំណងអប់រំមនុស្សទូទៅឲ្យស្រលាញ់សត្វព្រៃទាំងនោះផង ដោយសារថាពួកវាក៏មានគ្រួសារដូចជាយើងដែរ តែគ្រាន់តែពួកវាមិនអាចនិយាយបានប៉ុណ្ណោះ។ ដូច្នេះ ប្រសិនបើយើងមានជីវភាពក្រីក្រ យើងត្រូវខិតខំប្រឹងប្រែងក្នុងការធ្វើកសិកម្ម ដោយមិនគួរការរកស៊ីខុសច្បាប់។ បើយើងចង់អោយសត្វព្រៃនៅស្ថិតស្ថេរបន្ត ទាំងអស់គ្នាត្រូវដាំដើមឈើ និងកុំបំផ្លាញព្រៃឈើ។ ការធ្វើដូច្នេះនឹងធ្វើឲ្យប្រទេសរបស់យើងសម្បូរទៅដោយធនធានធម្មជាតិ។ aThis story focuses on wild animals' lives and is designed to educate people in general to like such wild animals, for they also have families like us ,but they cannot just speak . Therefore, if we face a poor living standard, we have to put our efforts on farming, but should not earn an illegal livelihood . Thus, if we wish to keep wild animals exsisting, we have to grow trees and don't have to destroy them . Doing so makes our nation rich in natural resources . 8 a500 bLexile estimate 8 aJ bRaz-Plus  aសត្វខ្លែង និង អ្នកប្រមាញ់​vរឿងនិទានកុមារ​ aKites and huntersvChildren's stories aYu, Mai eIllustrator